000
00286nam a2200109Ia 4500
008
200302s9999 xx 000 0 und d
100
_a
Melina Deliyannis
245
_a
R.M.Kliment & Frances Halsband Architects
260
_b
Images Publishing, Austraila
260
_c
2008
300
_a
256 P
999
_c
4822
_d
4822